| 000 | 00661nam a2200229 4500 | ||
|---|---|---|---|
| 999 |
_c271 _d271 |
||
| 001 | 271 | ||
| 003 | BD-JhCC | ||
| 005 | 20220803134023.0 | ||
| 008 | 171003s19902014b ||||| ||a| 00| 0 eng d | ||
| 020 | _a9847013300526 | ||
| 035 | _a(BD-JhCC)271 | ||
| 040 |
_aBD-JhCC _dBD-JhCC |
||
| 041 | _aben | ||
| 082 |
_a891.443 _bAHA 2014 |
||
| 100 | _aআহমেদ, হুমায়ূন | ||
| 245 |
_aসমুদ্র বিলাস / _bহুমায়ূন আহমেদ |
||
| 260 |
_aঢাকা : _bকাকলী প্রকাশনী, _c2014 |
||
| 300 |
_a80 p. : _c21 cm. |
||
| 650 | _aBengali Novel | ||
| 942 |
_2ddc _cBK _017 |
||